<?xml version="1.0" encoding="UTF-8"?><?xml-stylesheet type="text/xsl" href="static/style.xsl"?><OAI-PMH xmlns="http://www.openarchives.org/OAI/2.0/" xmlns:xsi="http://www.w3.org/2001/XMLSchema-instance" xsi:schemaLocation="http://www.openarchives.org/OAI/2.0/ http://www.openarchives.org/OAI/2.0/OAI-PMH.xsd"><responseDate>2026-04-28T19:36:04Z</responseDate><request verb="GetRecord" identifier="oai:uvadoc.uva.es:10324/20748" metadataPrefix="marc">https://uvadoc.uva.es/oai/request</request><GetRecord><record><header><identifier>oai:uvadoc.uva.es:10324/20748</identifier><datestamp>2021-06-23T09:44:29Z</datestamp><setSpec>com_10324_1508</setSpec><setSpec>com_10324_894</setSpec><setSpec>col_10324_20698</setSpec></header><metadata><record xmlns="http://www.loc.gov/MARC21/slim" xmlns:doc="http://www.lyncode.com/xoai" xmlns:xsi="http://www.w3.org/2001/XMLSchema-instance" xmlns:dcterms="http://purl.org/dc/terms/" xsi:schemaLocation="http://www.loc.gov/MARC21/slim http://www.loc.gov/standards/marcxml/schema/MARC21slim.xsd">
<leader>00925njm 22002777a 4500</leader>
<datafield tag="042" ind1=" " ind2=" ">
<subfield code="a">dc</subfield>
</datafield>
<datafield tag="720" ind1=" " ind2=" ">
<subfield code="a">Miguel Murado, Carmen de</subfield>
<subfield code="e">author</subfield>
</datafield>
<datafield tag="260" ind1=" " ind2=" ">
<subfield code="c">2016</subfield>
</datafield>
<datafield tag="520" ind1=" " ind2=" ">
<subfield code="a">Cyclo-Biblio se crea como asociación. Entre sus objetivos están promover las bibliotecas, divulgar sus servicios y recursos, crear una red profesional de bibliotecarios. Se realiza un viaje de 460 km de ambiente relajado para el intercambio de experiencias profesionales, visitas a 15 bibliotecas de todo tipo: grandes y pequeñas, públicas y universitarias, de pueblos y de ciudades, en edificios nuevos y viejos</subfield>
</datafield>
<datafield tag="024" ind2=" " ind1="8">
<subfield code="a">Comunicación presentada en las VII Jornadas BUCLE sobre Bibliotecas Universitarias, celebradas en León el día 22 de septiembre de 2016</subfield>
</datafield>
<datafield tag="024" ind2=" " ind1="8">
<subfield code="a">http://uvadoc.uva.es/handle/10324/20748</subfield>
</datafield>
<datafield ind1=" " ind2=" " tag="653">
<subfield code="a">Bibliotecas universitarias</subfield>
</datafield>
<datafield tag="245" ind1="0" ind2="0">
<subfield code="a">Cyclo-Biblio “Le TouBo"</subfield>
</datafield>
</record></metadata></record></GetRecord></OAI-PMH>